الجزرة العنيدة / (رقم التسجيلة. 103361)

تفاصيل مارك
000 -LEADER
fixed length control field 00632nam a22002057a 4500
005 - DATE AND TIME OF LATEST TRANSACTION
control field 20251108173420.0
008 - FIXED-LENGTH DATA ELEMENTS--GENERAL INFORMATION
fixed length control field 250721s2005 xx 000 0 ara d
020 ## - INTERNATIONAL STANDARD BOOK NUMBER
International Standard Book Number 9953631646
082 14 - DEWEY DECIMAL CLASSIFICATION NUMBER
Classification number ط/372.21/جزر
100 1# - MAIN ENTRY--PERSONAL NAME
Personal name روجر، تري
Relator term رسام
245 10 - TITLE STATEMENT
Title الجزرة العنيدة /
264 1# - PRODUCTION, PUBLICATION, DISTRIBUTION, MANUFACTURE, AND COPYRIGHT NOTICE
Place of production, publication, distribution, manufacture بيروت :
Name of producer, publisher, distributor, manufacturer دار العلم للملايين،
Date of production, publication, distribution, manufacture, or copyright notice 2005.
490 0# - SERIES STATEMENT
Series statement نادي القراء
650 17 - SUBJECT ADDED ENTRY--TOPICAL TERM
Topical term or geographic name as entry element التعليم الإبتدائي
650 17 - SUBJECT ADDED ENTRY--TOPICAL TERM
Topical term or geographic name as entry element القراءة
650 17 - SUBJECT ADDED ENTRY--TOPICAL TERM
Topical term or geographic name as entry element الأطفال
653 ## - INDEX TERM--UNCONTROLLED
Uncontrolled term أطفال ما قبل المدرسة (0-5) سنوات
942 ## - ADDED ENTRY ELEMENTS (KOHA)
Source of classification or shelving scheme Dewey Decimal Classification
Koha item type كتب
المقتنيات
حالة السحب حالة الفقدان مصدر التصنيف حالة التلف غير قابل للإعارة المكتبة الرئيسية المكتبة الحالية موقع الرف تاريخ التزويد الرقم المتسلسل Total Checkouts رقم الإستدعاء الباركود تاريخ آخر ظهور تاريخ الفاتورة نوع المادة (كوها)
    Dewey Decimal Classification     مكتبة أم المؤمنين للأطفال مكتبة أم المؤمنين للأطفال الأطفال 28/07/2025 1058252   ط/372.21/جزر 1058252 28/07/2025 28/07/2025 كتب
    Dewey Decimal Classification     مكتبة البراءة للأطفال مكتبة البراءة للأطفال الأطفال 28/07/2025 1058244   ط/372.21/جزر 1058244 28/07/2025 28/07/2025 كتب
    Dewey Decimal Classification     مكتبة البراعم الواعدة مكتبة البراعم الواعدة الأطفال 28/07/2025 1058249   ط/372.21/جزر 1058249 28/07/2025 28/07/2025 كتب
    Dewey Decimal Classification     مكتبة النصر العامة مكتبة النصر العامة الأطفال 28/07/2025 1058243   ط/372.21/جزر 1058243 28/07/2025 28/07/2025 كتب
    Dewey Decimal Classification     مكتبةمؤتة مكتبةمؤتة الأطفال 28/07/2025 1058250   ط/372.21/جزر 1058250 28/07/2025 28/07/2025 كتب
Implemented & Customized by: BBB with SCIT (Smart Chains for Information Technology)

Powered by Koha